000
00291nam a2200109Ia 4500
008
230907s9999||||xx |||||||||||||| ||und||
082
_a
621.319
_b
GRA
245
0
_a
Power System Analysis /
260
_a
New Delhi :
_b
McGraw-Hill Education (India)
_c
2003
300
_a
xix, 787 p.
942
_c
BK
999
_c
598282
_d
598282